History Quiz

Random History or War Quiz

More War Movies 7-to-1 Quiz Stats

 Plays Quiz not verified by Sporcle

Challenge
Share
Tweet
Embed
Score 0/28 Timer 07:00
0 Plays Today
% Correct
Schindler's List
93.1%
Letters from Iwo Jima
89.3%
American Sniper
86.2%
Gettysburg
85.6%
Forrest Gump
83.9%
Valkyrie
83.7%
Bridge of Spies
82.8%
The Hurt Locker
81.5%
Dr. Strangelove
79.6%
Cold Mountain
75.6%
The Birth of a Nation
74.1%
The Great Dictator
71.8%
The Imitation Game
71.4%
A Farewell to Arms
67%
% Correct
The Good, the Bad, and the Ugly
65.2%
Good Night and Good Luck
64.9%
Green Zone
62.1%
Gods and Generals
61.4%
Fury
61.1%
From Here to Eternity
60.1%
Thirteen Days
58.5%
Pork Chop Hill
53.7%
Fail-Safe
51.8%
Rescue Dawn
45.4%
Stop-Loss
42.8%
Paths of Glory
42.7%
The Lives of Others
41.8%
Bobby
39%

You're not logged in!

Compare scores with friends on all Sporcle quizzes.
OR
Log In

You Might Also Like...

Show Comments

Extras

Top Quizzes Today


Score Distribution

Your Account Isn't Verified!

In order to create a playlist on Sporcle, you need to verify the email address you used during registration. Go to your Sporcle Settings to finish the process.

Report this User

Report this user for behavior that violates our Community Guidelines.

Details: